00726nam a2200193 a 450000100100000000500170001000800410002702000150006804000250008308200150010810000280012324500710015126000860022230000210030850000430032970000240037295201190039699900170051500003650320200930075752.0120119s1989 ag 000 0 spa d a9509840084 aDO-SdBNPbspacBNPHU axxxbC334c1 aCasabianca, Ruth94885110aComo equivocarse menos en terapia /cRuth Casabianca, Hugo Hirsch. aBuenos Aires :bCentro de Publicaciones. Universidad Nacional del Litoral,c1989. a125 p. ;c20 cm. aIncluye notas al pie de las páginas.1 aHirsch, Hugo948852 001054708MOaGRbGRcCTd2012-01-19iLF1l0oxxx C334cp36504-10r2020-06-25w2020-06-25y4ZPréstamo en sala c35994d35994